Normal view
MARC view
- TRANSFORMATION STUDIES PHYSICAL PROPELLANT ALLOY SYSTEMS MECHANICAL PROPERTIES CORROSION ON CERAMICS FUELS CERAMIC PHASE STUDIES IREDATION BEHAVIOUR
Entry Topical Term
001 - CONTROL NUMBER
- control field: 80207
003 - CONTROL NUMBER IDENTIFIER
- control field: NUST
005 - DATE AND TIME OF LATEST TRANSACTION
- control field: 20210628210622.0
008 - FIXED-LENGTH DATA ELEMENTS
- fixed length control field: 210628|| aca||aabn | a|a d
040 ## - CATALOGING SOURCE
- Original cataloging agency: NUST
- Transcribing agency: NUST
150 ## - HEADING--TOPICAL TERM
- Topical term or geographic name entry element: TRANSFORMATION STUDIES PHYSICAL PROPELLANT ALLOY SYSTEMS MECHANICAL PROPERTIES CORROSION ON CERAMICS FUELS CERAMIC PHASE STUDIES IREDATION BEHAVIOUR
670 ## - SOURCE DATA FOUND
- Source citation: Work cat.: (NUST): KAY, A. E,WALDRON, M. B 80206, PLUTONIUM 1965 PROCEEDINGS OF TQE THIRD INTERNATIONAL CONFERENCE ON PLUTONIUM LONDON 1965, 1967
